[Event "Feffernitz op 28th"]
[Site "Feffernitz"]
[Date "2019.08.18"]
[Round "1"]
[White "Arbinger, Roland"]
[Black "Szolga, Ludwig"]
[Result "1-0"]
[WhiteElo "2108"]
[BlackElo "1691"]
[PlyCount "39"]
[EventDate "2019.08.18"]
[EventType "swiss"]
[EventRounds "9"]
[EventCountry "AUT"]
[SourceTitle "EXT 2020"]
[Source "ChessBase"]
[SourceDate "2019.10.17"]
[SourceVersion "1"]
[SourceVersionDate "2019.10.17"]
[SourceQuality "1"]

1. d4 d5 2. Nf3 Nf6 3. c4 e6 4. Bg5 Be7 5. e3 0-0 6. Nc3 Nbd7 7. Rc1 b6 8. cxd5 exd5 9. Bd3 Bb7 10. 0-0 c5 11. Re1 Ne4 12. Bf4 f5 13. Ne5 Bh4 14. Bxe4 dxe4 15. Qb3+ Kh8 16. Nf7+ Rxf7 17. Qxf7 cxd4 18. exd4 Bf6 19. Nb5 Nf8 20. Qxb7 1-0